| 000 | 00785cam a2200241 4500 | ||
|---|---|---|---|
| 008 | 090401t1991 xxu||||| |||| 00| 0 eng d | ||
| 020 | _a0854065040 | ||
| 035 | _a(Sirsi) u53678 | ||
| 041 | _aeng | ||
| 050 | _a333.0062 | ||
| 090 | _aRICS 1991/28ABCD | ||
| 110 |
_aRoyal Institution of Chartered Surveyors _94900 |
||
| 245 | _aRoyal charter and bye-laws 1973 (amended 1975, 1977, 1978, 1980, 1981, 1983, 1985, 1986, 1988, 1990 and 1991.) | ||
| 260 |
_aLondon _bRICS _c1991 |
||
| 300 | _aLooseleaf; 21cm. | ||
| 350 | _a6.95 | ||
| 520 | _aAMENDED 1993 (RICS 1993/114).For rules of conduct see 1990/17ABCD. | ||
| 650 | _aRICS BYE-LAWS | ||
| 650 | _aRICS ROYAL CHARTER | ||
| 690 | _aMANAGEMENT-BUSINESS MANAGEMENT-PROFESSIONAL PRACTICE | ||
| 942 | _n0 | ||
| 948 | _c04/03/1997 | ||
| 999 |
_c93317 _d93317 |
||